Predicció i control de la qualitat de les aigües dels rius Besòs i Llobregat / Narcís Prat, M. Àngels Puig, Glòria González, ... [et al]
Descripción Física:
2 v. ; 29 cm
Colección:
Estudis i monografies ; 6 i 9
MARC
| LEADER | 00000nam a2200000Ia 4500 | ||
|---|---|---|---|
| 001 | 1947, 1332 | ||
| 008 | 160829s1982 xx 000 0 cat d | ||
| 080 | |a C-1-66, C-1-67 | ||
| 245 | |a Predicció i control de la qualitat de les aigües dels rius Besòs i Llobregat / Narcís Prat, M. Àngels Puig, Glòria González, ... [et al] | ||
| 260 | |a Barcelona : |b Diputació de Barcelona. Servei del Medi Ambient, |c 1982 | ||
| 300 | |a 2 v. ; |c 29 cm | ||
| 490 | |a Estudis i monografies ; 6 i 9 | ||
| 590 | |a Conté: v. 1: Els factors físics i químics del medi; v. 2: El problema faunístic i la seva relación amb la qualitat de les aigües | ||
| 650 | |a Llobregat (Riu) |x Aspectes ambientals |9 30510 | ||
| 651 | 0 | |a Besòs (Catalunya : Curs d'aigua) |x Condicions mediambientals |9 54299 | |
| 710 | 1 | |a Barcelona (Catalunya : Província). |b Servei de Medi Ambient |9 53475 | |
| 901 | |a Arxiu | ||
| 942 | |n 1 | ||
| 952 | |0 0 |1 0 |4 0 |6 C166_C167 |7 1 |9 45436 |a Arxiu |b Arxiu |d 2016-12-01 |l 0 |o C-1-66, C-1-67 |p 1947, 1332 |r 2016-12-01 00:00:00 |w 2016-12-01 |y ARXIU | ||
| 999 | |c 48558 |d 48558 | ||